Megacities of the British Empire - Sudden Death - Statistics

General Stats
  • This quiz has been taken 155 times
  • The average score is 9 of 13
Answers on the Grid
Answers color-coded by a green-red scale on the quiz's grid according to % correct below.
Bangalore
Bangkok
Buenos Aires
Cairo
Chennai
Delhi
Dhaka
Guangzhou
Ho Chi Minh City
Hyderabad
Istanbul
Jakarta
Johannesburg
Karachi
Kinshasa
Kolkata
Lagos
Lahore
London
Manila
Mumbai
Paris
Seoul
Tehran
 
Answer Stats
Answer % Correct
Bangalore
84%
Delhi
82%
Mumbai
80%
Johannesburg
76%
London
76%
Hyderabad
71%
Chennai
70%
Lahore
67%
Dhaka
66%
Karachi
66%
Cairo
65%
Kolkata
64%
Lagos
63%
No matching quizzes found
Score Distribution
Percent of People with Each Score
Percentile by Number Answered
Your Score History
You have not taken this quiz